Catalog

Record Details

Catalog Search



Nick Saban and the Alabama Cimson Tide / by Tom ... Read More

Glave, Tom,(author.).

Available copies

  • 1 of 1 copy available at LARL/NWRL Consortium. (Show)
  • 1 of 1 copy available at Northwest Regional Library.

Current holds

0 current holds with 1 total copy.

Show Only Available Copies
Location Call Number / Copy Notes Barcode Shelving Location Status Due Date
Roseau Public Library j 796.332 GLA (Text) 35500006909079 Main Available -

Record details

  • ISBN: 9781532114366
  • ISBN: 1532114362
  • ISBN: 9781641852852
  • ISBN: 1641852852
  • ISBN: 9781532154195
  • ISBN: 1532154194
  • Physical Description: 48 pages : color illustrations ; 24 cm
  • Publisher: Minneapolis, Minnesota : Abdo Publishing, a division of ABDO, [2019]

Content descriptions

Bibliography, etc. Note:
Includes bibliographical references (page 47) and ... Read More
Summary, etc.:
Readers will learn about college football coach ... Read More
Subject: Saban, Nick > Juvenile literature.
Alabama Crimson Tide (Football team) > Juvenile literature.
Football coaches > United States > Biography > Juvenile literature.
Saban, Nick
Alabama Crimson Tide (Football team)
Football coaches
United States
Genre: Biographies
Juvenile works
LDR 02863cam a2200613 i 4500
001476833
003LARL_NWRL_CONSORTIUM
00520251222151625.0
008171129t20192019mnua j b 001 0deng
010 . ‡a 2017962510
040 . ‡aDLC ‡beng ‡erda ‡cDLC ‡dOCLCO ‡dOCLCF ‡dYDX ‡dBDX ‡dUKMGB ‡dWZW ‡dZPP ‡dHHO ‡dOCL ‡dOCLCQ ‡dOCLCO ‡dOCLCL ‡dOCLCO ‡dIG#
015 . ‡aGBB8D7099 ‡2bnb
0167 . ‡a018988515 ‡2Uk
019 . ‡a1029475111 ‡a1029567408 ‡a1029631745 ‡a1100774562
020 . ‡a9781532114366 ‡q(lib. bdg.)
020 . ‡a1532114362 ‡q(lib. bdg.)
020 . ‡a9781641852852 ‡q(pbk.)
020 . ‡a1641852852 ‡q(pbk.)
020 . ‡a9781532154195 ‡q(ebk.)
020 . ‡a1532154194 ‡q(ebk.)
035 . ‡a(OCoLC)1083153306 ‡z(OCoLC)1029475111 ‡z(OCoLC)1029567408 ‡z(OCoLC)1029631745 ‡z(OCoLC)1100774562
042 . ‡apcc
043 . ‡an-us---
08200. ‡a796.33209761/84 ‡223
08204. ‡a796.332092 [B] ‡223
1001 . ‡aGlave, Tom, ‡eauthor. ‡1https://id.oclc.org/worldcat/entity/E39PCjyDg74FGTgKbw4TdyW6Bq
24510. ‡aNick Saban and the Alabama Cimson Tide / ‡cby Tom Glave.
264 1. ‡aMinneapolis, Minnesota : ‡bAbdo Publishing, a division of ABDO, ‡c[2019]
264 4. ‡c©2019
300 . ‡a48 pages : ‡bcolor illustrations ; ‡c24 cm
336 . ‡atext ‡btxt ‡2rdacontent
337 . ‡aunmediated ‡bn ‡2rdamedia
338 . ‡avolume ‡bnc ‡2rdacarrier
4900 . ‡aSports dynasties
504 . ‡aIncludes bibliographical references (page 47) and index.
520 . ‡aReaders will learn about college football coach Nick Saban and his outstanding Alabama Crimson Tide teams. This title features informative sidebars, a timeline, a glossary, and team file filled with awards and records held by team members. --Amazon
60010. ‡aSaban, Nick ‡vJuvenile literature.
61020. ‡aAlabama Crimson Tide (Football team) ‡vJuvenile literature.
650 0. ‡aFootball coaches ‡zUnited States ‡vBiography ‡vJuvenile literature.
60017. ‡aSaban, Nick ‡2fast
61027. ‡aAlabama Crimson Tide (Football team) ‡2fast ‡0(LARL_NWRL_CONSORTIUM)154173
650 7. ‡aFootball coaches ‡2fast ‡0(LARL_NWRL_CONSORTIUM)39159
651 7. ‡aUnited States ‡2fast ‡0(LARL_NWRL_CONSORTIUM)54625
655 7. ‡aBiographies ‡2fast
655 7. ‡aJuvenile works ‡2fast
901 . ‡a476833 ‡bAUTOGEN ‡c476833 ‡tbiblio

Additional Resources